1556 1957 1435 1018 1336 1002 1294 1138 1825 1893 1752 1106 1567 1595 1907 1587 1370 1179 1803 1729 1486 1352 1500 1024 1347 1328 1542 1366 1656 1934 1548 1025 1065 1724 1402 1007 1184 1670 1851 1009 1611 1297 1772 1260 1624 1991 1716 1089 1220 1649 1265 1511 1015 1134 1875 1063 1481 1637 1022 1681 1091 1817 1687 1587 1719 1529 1892 1433 1220 1773 1711 1580 1195 1445 1113 1864 1797 1011 1587 1390 1834 1290 1960 1632 1290 1275 1240 1193 1071 1654 1764 1389 1199 1044 1999 1091 1354 1558 1104 BCNSPRNW ULIB Ver.6.0+V

เปลี่ยนเป็นภาษาไทย

Change to English
 แสดงรายละเอียดบรรณานุกรม
  กลับหน้าหลัก

Brief Record : Get Marc (ISO 2709) : E-mail record : QR code < ปิดหน้าต่าง
LEADER : 00000nam 2200000uu 4500
001    13399120319
003     ULIB
008    020711sมปป. th a 000 0 tha d
020    9786165311243
050    QV766^bร434
100    บรรหาร ทินประบุตร
245    ราชาสมุนไพร พญาวานร/^cบรรหาร ทินประบุตร
250    พิมพ์ครั้งที่ 1
260    กรุงเทพฯ :^bสุภัชนิญค์,^cม.ป.ป.
945    ^p59^l0^i18101
999    ^aทศพร เกษรทอง
รายการนี้ยังไม่มีแท็ก
คุณยังไม่ได้ล็อกอิน คุณสามารถมีกิจกรรมร่วมกับเว็บไซต์ได้ แต่ต้องล็อกอินก่อน ::
  ล็อกอิน

รายการสื่อสารสนเทศ

ลำดับที่ ประเภท เลขเรียก/บาร์โค้ด สถานที่ สถานะ
- ไม่พบข้อมูล -

BibComment


ยังไม่เคยถูกคอมเมนท์

คอมเมนท์ทรัพยากรรายการนี้
  คอมเมนท์: ราชาสมุนไพร พญาวา..


 Copyright 2026. Bcnsprnw @Library